Mathématiques. Tout-en-un pour la Licence 3 (notice n° 1550779)
[ vue normale ]
| 000 -LEADER | |
|---|---|
| fixed length control field | 01208cam a2200121 4500500 |
| 005 - DATE AND TIME OF LATEST TRANSACTION | |
| control field | 20251017185339.0 |
| 041 ## - LANGUAGE CODE | |
| Language code of text/sound track or separate title | fre |
| 042 ## - AUTHENTICATION CODE | |
| Authentication code | dc |
| 245 00 - TITLE STATEMENT | |
| Title | Mathématiques. Tout-en-un pour la Licence 3 |
| 260 ## - PUBLICATION, DISTRIBUTION, ETC. | |
| Name of publisher, distributor, etc. | Dunod,<br/> |
| Date of publication, distribution, etc. | 2024.<br/> |
| 520 ## - SUMMARY, ETC. | |
| Summary, etc. | Ce manuel s’inscrit dans une série en trois volumes, conçue pour couvrir les programmes de mathématiques de la plupart des Licences scientifiques. Il complète le volume 2 en traitant certains sujets habituellement enseignés au niveau de la deuxième année de Licence et il couvre par ailleurs un «tronc commun» des programmes de mathématiques au niveau de la 3e année. Il est composé de onze modules regroupés en trois thèmes: Algèbre et Géométrie, Analyse, Probabilités et Statistique.Sa présentation permet à l’étudiant, quel que soit son cursus, de s’initier à son rythme aux thèmes figurant à son programme et de conforter ses acquis. Avec cet ouvrage de référence, l’étudiant dispose des définitions précises et des énoncés et démonstrations de tous les résultats essentiels. |
| 856 41 - ELECTRONIC LOCATION AND ACCESS | |
| Uniform Resource Identifier | <a href="https://stm.cairn.info/mathematiques-tout-en-un-pour-la-licence-3-3e-ed--9782100862160?lang=fr&redirect-ssocas=7080">https://stm.cairn.info/mathematiques-tout-en-un-pour-la-licence-3-3e-ed--9782100862160?lang=fr&redirect-ssocas=7080</a> |
Pas d'exemplaire disponible.




Réseaux sociaux